000 00967nas a2200301 4500
001 BR2014006187
003 BR-BrBNA
005 20231205124553.0
007 ta
008 230509b bl.|||p| |||| 00| 00por d
040 _aBR-BrBNA
_bpor
_cBiblioteca Nacional de Agricultura
041 _a(Pt)
072 _aK10
100 1 _aOliveira-Cauduro, Y. de
100 1 _aAdamuchio, L.G.
100 1 _aDegenhardt-Goldbach, J.
100 1 _aBespalhok Filho, J.C.
100 1 _aDibax, R.
100 1 _aQuoirin, M.
245 1 _aOrganogênese indireta a partir de explantes foliares e multiplicação in vitro de brotações de Eucalyptus benthamii x eucalyptus dunnii
650 _aEUCALIPTO
650 _aMEIO DE CULTURA
650 _aORGANOGÊNESE
650 _aBROTAÇÃO
773 0 _tCiência Florestal (Brazil)
_xISSN 0103-9954
_g(Apr-Jun 2014), v. 24(2) p. 347-355
_wBR2014006187
909 _a202311
_bLúcia
_c55
_dLúcia Elande
942 _2AGRIS
_n0
_cANA
999 _c239777
_d239777